Международное воздушное право / (ბიბ.ჩანაწერი № 36108)
[ მარტივი ფორმატი ]
| 000 -LEADER | |
|---|---|
| fixed length control field | 00998nam a2200229Ia 4500 |
| 001 - CONTROL NUMBER | |
| control field | 2008 |
| 003 - CONTROL NUMBER IDENTIFIER | |
| control field | GE_BSU |
| 005 - DATE AND TIME OF LATEST TRANSACTION | |
| control field | 20221006121653.0 |
| 008 - FIXED-LENGTH DATA ELEMENTS--GENERAL INFORMATION | |
| fixed length control field | 181216s2007||||ru |||||||||||||| ||rus|| |
| 020 ## - INTERNATIONAL STANDARD BOOK NUMBER | |
| International Standard Book Number | 9785949351246 |
| 040 ## - CATALOGING SOURCE | |
| Transcribing agency | GE_BSU |
| 041 ## - LANGUAGE CODE | |
| Language code of text/sound track or separate title | rus |
| 080 ## - UNIVERSAL DECIMAL CLASSIFICATION NUMBER | |
| Universal Decimal Classification number | 341.226(075.8)+347.82(075.8) Б-82 |
| 100 ## - MAIN ENTRY--PERSONAL NAME | |
| Personal name | Бордунов, В. Д. |
| 9 (RLIN) | 348 |
| 245 ## - TITLE STATEMENT | |
| Title | Международное воздушное право / |
| Statement of responsibility, etc. | В. Д. Бордунов. |
| Remainder of title | |
| 264 ## - PRODUCTION, PUBLICATION, DISTRIBUTION, MANUFACTURE, AND COPYRIGHT NOTICE | |
| Place of production, publication, distribution, manufacture | Москва : |
| Name of producer, publisher, distributor, manufacturer | Ноц.ВКШ "Авиабизнес, |
| Date of production, publication, distribution, manufacture, or copyright notice | 2007. |
| 300 ## - PHYSICAL DESCRIPTION | |
| Extent | 464 с. |
| 653 ## - INDEX TERM--UNCONTROLLED | |
| keyword | სამართალი |
| 653 ## - INDEX TERM--UNCONTROLLED | |
| keyword | საჰაერო სამართალი |
| 760 ## - MAIN SERIES ENTRY | |
| Edition | http://185.10.129.239:8081/buki_web/Fulltext/%D0%9A%D0%BE%D0%BD%D1%81%D1%83%D0%BB%D1%8C%D1%82%D0%B0%D0%BD%D1%82%202011/PDF/Sovremenniki/bordunov.pdf |
| 942 ## - ADDED ENTRY ELEMENTS (KOHA) | |
| Koha item type | წიგნი |
| Source of classification or shelving scheme | |
| Suppress in OPAC | http://185.10.129.239:8081/buki_web/Fulltext/%D0%9A%D0%BE%D0%BD%D1%81%D1%83%D0%BB%D1%8C%D1%82%D0%B0%D0%BD%D1%82%202011/PDF/Sovremenniki/bordunov.pdf |
